K novému pojetí estetické výchovy

Bibliographic Details
Main Author: Strnadová, Karla (Author)
Format: Article
Language:Slovak
Czech
Subjects:

MARC

LEADER 00000nab a2200000 a 4500
001 vtls000162210
003 SK-MaSNL
005 20260304170149.0
008 250422c19821983xo 0 slo
015 |a SNBRB19rr/mm-uuuuu 
035 |a CL0172321 
035 |a urn:nbn:sk:snk-abbcq1 
035 |a (urnnbn)urn:nbn:sk:snk:ar-002hmm 
035 |a (uuid)d91c11e0-fc4f-4b36-a8be-801b029c0d6a 
040 |a SNKBUCL  |b slo  |c SNKBUCL  |e AACR2 
041 0 |a cze 
044 |a xo  |c SK 
080 |a 373.24:37.036  |2 1981 
080 |a 37.036  |2 1981 
100 1 |a Strnadová, Karla  |4 aut  |9 730675 
245 1 0 |a K novému pojetí estetické výchovy  |c Karla Strnadová 
650 0 7 |a materské školy  |2 snkbucl  |9 1278 
650 0 7 |a estetická výchova  |2 snkbucl  |9 66289 
655 7 |a články z novín a časopisov  |2 snkbucl  |9 267496 
773 0 |t Predškolská výchova  |g Roč. 37, č. 11 (1982/1983), s. 3-4 
850 |a Slovenská národná knižnica 
852 |a Slovenská národná knižnica 
958 |a article15 
958 |a RK 
958 |a CZ 
958 |a OND 
958 |a EUIPO 
992 |a RBX 
999 |c 2987375  |d 2989305